| 000 | 01673nam a2200409Ii 4500 | ||
|---|---|---|---|
| 001 | DIGMARGE0007 | ||
| 003 | NyNyDIG | ||
| 008 | 230418s2008 sp a ob 000 0 spa d | ||
| 006 | m o d | ||
| 007 | cr ||||||||||| | ||
| 035 | _a(OCoLC)899005119 | ||
| 040 |
_aDGITA _beng _erda _epn _cDGITA |
||
| 020 |
_a9788492442645 _qeBook |
||
| 020 | _z9788486684884 | ||
| 050 | 1 | 4 | _aRM171 ebook |
| 100 | 1 |
_aLozano, Miguel, _eauthor. |
|
| 245 | 1 | 0 |
_aActualización en tecnología para la inactivación de patógenos basada en amotosaleno y FRALE / _cMiguel Lozano Molero, Joan Cid Vidal. |
| 264 | 1 |
_aValencia ; _aBarcelona : _bMarge Medica Books, _c2008. |
|
| 300 |
_a1 online resource : _billustrations. |
||
| 336 |
_atext _btxt _2rdacontent |
||
| 337 |
_acomputer _bc _2rdamedia |
||
| 338 |
_aonline resource _bcr _2rdacarrier |
||
| 347 |
_atext file _2rdaft |
||
| 347 | _bEPUB | ||
| 504 | _aIncludes bibliographical references. | ||
| 588 | 0 | _aOnline resource; title from ePub title page (Digitalia, viewed April 18, 2023) | |
| 650 | 0 |
_aBlood _xTransfusion. |
|
| 650 | 0 | _aPathogenic microorganisms. | |
| 700 | 1 |
_aCid, Joan, _eauthor. |
|
| 791 | 2 |
_aDigitalia (Firm), _edistributor. |
|
| 793 | 0 |
_gDigitalia eBook Collection: _aMarge Books |
|
| 776 | 0 | 8 |
_iPrint version: _aLozano, Miguel. _tActualización en tecnología para la inactivación de patógenos basada en amotosaleno y FRALE. _b1a edición. _dValencia ; Barcelona : Marge Medica Books, 2008 _z9788486684884 |
| 830 | 0 | _aMedicina y ciencias de la salud. | |
| 856 | 4 | 0 |
_3Digitalia Hispánica _uhttps://www.digitaliapublishing.com/a/125836/ |
| 910 | _aPremium collection: 2023 | ||
| 942 | _cRAA | ||
| 999 |
_c277665 _d277665 |
||